000 00518nam a2200193Ia 4500
008 151119s9999||||xx |||||||||||||| ||und||
082 _a891.463
082 _bGKKV29272
100 _aनायक श्रीकांत
245 _aमर्मभेद
260 _a--
260 _b--
260 _c2009
600 _aनायक श्रीकांत
630 _aमर्मभेद
700 _aनायक श्रीकांत
730 _aमर्मभेद
942 _cBOOK
999 _c1081635
_d1081632